| Tag |
First Indicator |
Second Indicator |
Subfields |
| LEADER |
00000cam a22000001a 4500 |
| 001 |
in00004100735 |
| 005 |
20200117091408.0 |
| 006 |
m d f |
| 007 |
cr bn mmmapmmp |
| 008 |
110715s2009 dcu o f000 0 eng d |
| 035 |
|
|
|a chdc201000943
|
| 040 |
|
|
|a UMI
|c UMI
|d UtOrBLW
|
| 043 |
|
|
|a a-cc---
|a n-us---
|
| 110 |
2 |
|
|a U.S.-China Economic and Security Review Commission.
|0 http://id.loc.gov/authorities/names/no2004005041
|
| 245 |
1 |
0 |
|a China's role in the origins of and response to the global recession.
|
| 264 |
|
1 |
|a Washington :
|b U.S. G.P.O,
|c 2009.
|
| 300 |
|
|
|a 194 pages, digital, PDF file.
|
| 336 |
|
|
|a text
|b txt
|2 rdacontent
|
| 337 |
|
|
|a computer
|b c
|2 rdamedia
|
| 338 |
|
|
|a online resource
|b cr
|2 rdacarrier
|
| 500 |
|
|
|a Record is based on bibliographic data in ProQuest Congressional Hearings Digital Collection. Reuse except for individual research requires license from ProQuest, LLC.
|
| 500 |
|
|
|a "February 17, 2009."
|
| 500 |
|
|
|a Electronic resource.
|
| 533 |
|
|
|a Electronic reproduction.
|b [Bethesda, Md.] :
|c ProQuest,
|d 2010.
|e digital, PDF file.
|n ProQuest U.S. Congressional Hearings Digital Collection.
|n Mode of access: World Wide Web via ProQuest website.
|
| 538 |
|
|
|a System requirements: PDF reader software.
|
| 650 |
|
0 |
|a Recessions.
|0 http://id.loc.gov/authorities/subjects/sh87001333
|
| 651 |
|
0 |
|a China
|x Foreign economic relations
|z United States.
|0 http://id.loc.gov/authorities/subjects/sh2008101758
|
| 651 |
|
0 |
|a United States
|x Foreign economic relations
|z China.
|0 http://id.loc.gov/authorities/subjects/sh2007100081
|
| 776 |
0 |
8 |
|i Print version:
|a U.S.-China Economic and Security Review Commission.
|t China's role in the origins of and response to the global recession
|
| 776 |
0 |
8 |
|i Microfiche version:
|a U.S.-China Economic and Security Review Commission.
|t China's role in the origins of and response to the global recession
|d [Bethesda, Md.] : ProQuest,[2010]
|o CIS 2010 J891-14
|w (ProQuest)cis01001836
|
| 856 |
4 |
0 |
|u http://proxy.library.tamu.edu/login?url=http://search.proquest.com/congcomp/getdoc?HEARING-ID=HRG-2009-ESR-0007
|y Electronic resource (PDF)
|t 0
|
| 998 |
|
|
|a cis01001836
|
| 999 |
f |
f |
|s 93de76b4-45e6-3d08-b35a-9de571ef5be2
|i 09612e5e-4d2b-3c50-951f-52063bacd091
|t 0
|
| 952 |
f |
f |
|a Texas A&M University
|b College Station
|c Electronic Resources
|d Available Online
|t 0
|h No information provided
|
| 998 |
f |
f |
|t 0
|l Available Online
|